000 00595nam a22001937a 4500
003 0
005 20250909130652.0
008 250909b xxu||||| |||| 00| 0 eng d
020 _a979-8-89161-539-7
050 _aQR 41
_b.M87 2025
100 _aMurphy, Marcus,
_eauthor.
245 _aGeneral microbiology /
_cMarcus Murphy.
260 _aJersey City, USA :
_bAlexis Press,
_c2025.
300 _ax, 298 pages :
_bcolored illustrations ;
_c27 cm.
504 _aIncludes bibliographical references and index.
650 _aMicrobiology.
650 _aMicrobiology
_xTextbooks.
942 _2lcc
_cBK
999 _c367837
_d367837